Countries Closest to Czechia - 15 Second Sprint - Statistics

General Stats
  • This quiz has been taken 98 times
  • The average score is 7 of 20
Answer Stats
km country miles % Correct
0 Slovakia 0
92%
0 Germany 0
90%
0 Poland 0
90%
0 Austria 0
76%
70 Hungary 43
58%
200 Slovenia 125
38%
218 Italy 135
35%
263 Ukraine 164
35%
421 Denmark 261
27%
314 Switzerland 195
27%
313 France 194
24%
234 Croatia 145
21%
321 Romania 199
21%
330 Serbia 205
21%
395 Belarus 245
15%
371 Bosnia and Herzegovina 231
11%
429 Netherlands 266
11%
404 Belgium 251
10%
334 Liechtenstein 204
10%
401 Luxembourg 249
4%
No matching quizzes found
Score Distribution
Percent of People with Each Score
Percentile by Number Answered
Your Score History
You have not taken this quiz